Từ điển Pháp - Việt = Dictionnaire Francais - Vietnamien
Sách giới thiệu cho đọc giả một số vốn từ tiếng Pháp trong việc học tiếng Pháp.
Đã lưu trong:
| Príomhúdar: | |
|---|---|
| Formáid: | Leabhar |
| Teanga: | Undetermined |
| Foilsithe: |
Hà Nội
Khoa học và Kỹ thuật
1997
|
| Ábhair: | |
| Clibeanna: |
Cuir Clib Leis
Gan Chlibeanna, Bí ar an gcéad duine leis an taifead seo a chlibeáil!
|
| Thư viện lưu trữ: | Trung tâm Học liệu Trường Đại học Cần Thơ |
|---|
| LEADER | 00843nam a2200229Ia 4500 | ||
|---|---|---|---|
| 001 | CTU_24855 | ||
| 008 | 210402s9999 xx 000 0 und d | ||
| 020 | |b 200.000đ; 184.000đ (lô 995); 200.000đ (lô mới) | ||
| 020 | |c 200000 | ||
| 082 | |a 443.95922 | ||
| 082 | |b K250 | ||
| 100 | |a Lê, Khả Kế | ||
| 245 | 0 | |a Từ điển Pháp - Việt = | |
| 245 | 0 | |b Dictionnaire Francais - Vietnamien | |
| 245 | 0 | |c Lê Khả Kế (Chủ biên) ; Nguyễn Lân ... [et al.] | |
| 260 | |a Hà Nội | ||
| 260 | |b Khoa học và Kỹ thuật | ||
| 260 | |c 1997 | ||
| 520 | |a Sách giới thiệu cho đọc giả một số vốn từ tiếng Pháp trong việc học tiếng Pháp. | ||
| 650 | |a French language | ||
| 904 | |i Minh | ||
| 980 | |a Trung tâm Học liệu Trường Đại học Cần Thơ | ||